Word Ladder: Not Very Often Quiz Stats

Quiz Updated Oct 30, 2015

Challenge
Share
Tweet
Embed
Score 0/20 Timer 03:00
0 Plays Today
Clue 4-Letter Word % Correct
●On a single occasion●●ONCE●
97.1%
Suffix for appear-, perform-, or attend-ANCE
94.6%
____ of Green GablesANNE
94.4%
Gooey adhesiveGLUE
92.3%
Charged particlesIONS
90.4%
Castle besiegers' watery obstacleMOAT
89.4%
Make sounds of sorrow or painMOAN
89.2%
●Large natural satellite●●MOON●
88.6%
What something moving very fast looks likeBLUR
88.2%
Capricorn creatureGOAT
87.8%
Clue 4-Letter Word % Correct
●Melancholy●●BLUE●
87.4%
Lodging places for travelersINNS
87.2%
Sister princess whose heart gets 'Frozen'ANNA
87%
Prefix for an assistant chefSOUS
85.9%
Male progenySONS
85.4%
A cause of foot painGOUT
82.9%
Disparaging remarkSLUR
82.6%
To flood the marketGLUT
81.5%
What Aesop's fox calls the grapesSOUR
80%
●Stage name of Romanian pop star Apostoleanu●●INNA●
78.2%

Today's Daily Dose

You're not logged in!

Compare scores with friends on all Sporcle quizzes.
Sign Up with Email
OR
Log In

You Might Also Like...

Show Comments

Extras

Top Quizzes Today


Score Distribution

Your Account Isn't Verified!

In order to create a playlist on Sporcle, you need to verify the email address you used during registration. Go to your Sporcle Settings to finish the process.